Statistics for Biggest Trading Partners - Greece

Click here to take the quiz!

General Stats

  • This quiz has been taken 179 times
  • The average score is 27 of 32

Answer Stats

Exports Country % Correct
$3.12 BItaly
99%
$4.25 BItaly
99%
$1.18 BUnited Kingdom
98%
$1.29 BUnited Kingdom
98%
$1.73 BSpain
97%
$5.19 BGermany
97%
$4.20 BChina
97%
$772 MSpain
97%
$2.13 BGermany
97%
$1.21 BUnited States
97%
$1.50 BTurkey
95%
$1.55 BTurkey
95%
$3.12 BRussia
94%
$776 MFrance
92%
$2.08 BFrance
92%
$830 MEgypt
89%
$1.38 BBulgaria
88%
$1.64 BBulgaria
88%
$826 MRomania
86%
$2.61 BNetherlands
81%
$669 MNetherlands
81%
$1.68 BCyprus
81%
$1.70 BBelgium
80%
$437 MPoland
79%
$926 MSaudi Arabia
73%
$495 MSaudi Arabia
73%
$627 MMacedonia
72%
$1.98 BSouth Korea
70%
$825 MIran
60%
$2.62 BIraq
47%
$1.16 BLebanon
44%
$1.40 BKazakhstan
16%

Score Distribution

Percentile by Number Answered

Percent of People with Each Score

Your Score History

You have not taken this quiz